| 000 | 00473cam a2200205ua 4500 | ||
|---|---|---|---|
| 020 | _c3.00 | ||
| 041 |
_ahin _h |
||
| 082 |
_a891.54 _bSHA/MA |
||
| 100 | _aShakespeare, William. | ||
| 245 |
_aMacbeth / _cWilliam Shakespeare. _hTextual Documents |
||
| 250 |
_a3 / _b. |
||
| 260 |
_a : _bRajpal and Sanch , _c1962. |
||
| 300 | _a132 ; . | ||
| 365 | _a3.00 | ||
| 504 | _a | ||
| 942 | _cBK | ||
| 999 |
_c3613 _d3613 |
||